Culture Générale - Série 1184 - Statistiques

Statistiques générales
  • Ce quiz a été pris 85 fois
  • Le résultat moyen est 5 sur 10
Statistiques - réponses
Question Réponse % Correct
Quelle ville des Hautes-Pyrénées est l'un des lieux de pèlerinage les plus importants au monde ? Lourdes
87%
Quel verbe, désignant le fait d'enduire ses semelles de skis d'une substance grasse pour mieux glisser, provient du mot "fart" ? farter
84%
Quelle est la capitale du pays de Galles ? Cardiff
66%
De quelle planète du système solaire Phobos et Deimos sont-ils les deux seuls satellites naturels connus à ce jour ? Mars
66%
A quel humoriste français doit-on la chanson "Misère, misère" ? Coluche
63%
Quel fleuve traverse la ville italienne de Florence ? Arno
57%
Quel passereau noir au bec conique orangé, de Ceylan ou religieux, est capable, comme le perroquet, d'imiter la voix humaine ? mainate
30%
De quelle constellation zodiacale Castor et Pollux sont-elles les principales étoiles ? Les Gémeaux
20%
Le 7 octobre 1571, quelle bataille navale voit la victoire de la flotte chrétienne sur l'Empire ottoman ? bataille de Lépante
11%
Quel roman de Joseph Kessel, paru en 1967, est consacré aux Afghans des steppes ? Les Cavaliers
9%
Aucun quiz correspondant
Distribution des résultats
% des personnes avec chaque résultat
Percentile par nombre de réponses
Votre historique - résultats
Vous n’avez pas pris ce quiz